| 000 | 00628cam a22002291 4500 | ||
|---|---|---|---|
| 001 | he 68001893 | ||
| 003 | DLC | ||
| 005 | 20260227111500.0 | ||
| 008 | 840220s1967 is 000 0 heb | ||
| 010 | _ahe 68001893 | ||
| 035 | _a(OCoLC)19204423 | ||
| 040 |
_aDLC _cMH _dDLC |
||
| 042 | _apremarc | ||
| 050 | 0 | 0 |
_aCT1919.P3 _bE47 |
| 245 | 0 | 0 | _aYoram Elyashiv. |
| 260 |
_a[Bet Oren] : _b[ha-Ḳibuts ha-meʼuḥad], _c[1967 or 1968] |
||
| 300 |
_a74 p. : _bill., facsim., ports. ; _c21 cm. |
||
| 500 | _aCover title. | ||
| 600 | 1 | 0 |
_aElyashiv, Yoram, _d1942-1967. |
| 710 | 1 | _aBet Oren (Israel) | |
| 752 |
_aIsrael _dBet Oren |
||
| 999 |
_c33430 _d33430 |
||